Estadísticas para Presidentes Argentinos

Haz click aquí para intentar la prueba.

Estadísticas generales

  • Esta prueba ha sido intentada 136 veces
  • La puntuación promedio es 36 de 57

Estadísticas de respuestas

AñoRespuesta% Correcto
2019 -Alberto Fernández
92%
2007 - 2015Cristina Fernández de Kirchner
92%
1973 - 1974Juan Domingo Perón
92%
1946 - 1955Juan Domingo Perón
92%
1974 - 1976María Estela Martínez de Perón
92%
2015 - 2019Mauricio Macri
92%
2003 - 2007Néstor Kirchner
91%
1989 - 1999Carlos Menem
87%
1868 - 1874Domingo Faustino Sarmiento
84%
1976 - 1981Jorge Rafael Videla
84%
1983 - 1989Raúl Alfonsín
84%
1999 - 2001Fernando de la Rúa
81%
1898 - 1904Julio Argentino Roca
80%
1880 - 1886Julio Argentino Roca
80%
1928 - 1930Hipólito Yrigoyen
79%
1916 - 1922Hipólito Yrigoyen
79%
1826 - 1827Bernardino Rivadavia
77%
2002 - 2003Eduardo Duhalde
77%
2001Adolfo Rodríguez Saá
75%
1910 - 1914Roque Sáenz Peña
73%
1862 - 1868Bartolomé Mitre
72%
1892 - 1895Luis Sáenz Peña
72%
1981 - 1982Leopoldo Galtieri
69%
1963 - 1966Arturo Humberto Illia
68%
1854 - 1860Justo José de Urquiza
68%
1958 - 1962Arturo Frondizi
67%
1895 - 1898José Evaristo Uriburu
67%
1930 - 1932José Felix Uriburu
67%
2001Ramón Puerta
67%
1922 - 1928Marcelo Torcuato de Alvear
65%
1966 - 1970Juan Carlos Onganía
64%
1874 - 1880Nicolás Avellaneda
64%
1973Héctor José Cámpora
63%
1890 - 1892Carlos Pellegrini
55%
2001 - 2002Eduardo Camaño
53%
1886 - 1890Miguel Juárez Celman
53%
1955 - 1958Pedro Eugenio Aramburu
53%
1971 - 1973Alejandro Lanusse
52%
1981Roberto Eduardo Viola
52%
1914 - 1916Victorino de la Plaza
52%
1932 - 1938Agustín Pedro Justo
51%
1970 - 1971Roberto Levingston
49%
1942 - 1943Ramón Castillo
47%
1982 - 1983Reynaldo Bignone
44%
1860 - 1861Santiago Derqui
44%
1955Eduardo Lonardi
43%
1944 - 1946Edelmiro Julián Farrell
41%
1962 - 1963Jose María Guido
41%
1906 - 1910José Figueroa Alcorta
40%
1938 - 1942Roberto María Ortiz
40%
1973Raúl Alberto Lastiri
39%
1827Vicente López y Planes
39%
1943 - 1944Pedro Pablo Ramírez
37%
1943Arturo Rawson
36%
1904 - 1906Manuel Quintana
31%
1861Juan Esteban Pedernera
28%
1955José Domingo Molina Gómez
16%

Distribución de puntuación

Porcentaje por número respondido

Porcentaje de gente con cada puntuación

Historial de tus puntuaciones

No has intentado esta prueba.